Länder die am meisten Bier produzieren - Statistiken

Allgemein
  • Dieses Quiz wurde 322 mal gespielt
  • Das Durchschnittsergebnis liegt bei 14 aus 20
Antwortstatistiken
Tonnen Land % Korrekt
8,66 Mil. Deutschland
99%
21,4 Mil. Vereinigte Staaten
97%
38,7 Mil. China
93%
2,24 Mil. Frankreich
88%
7,77 Mil. Russland
87%
3,14 Mil. Spanien
85%
2,13 Mil. Tschechien
85%
2,17 Mil. Kanada
83%
4,15 Mil. Polen
83%
4,15 Mil. Vereinigtes Königreich
79%
2,91 Mil. Japan
78%
15,3 Mil. Brasilien
76%
12,0 Mil. Mexiko
76%
2,48 Mil. Niederlande
73%
2,10 Mil. Belgien
69%
2,00 Mil. Südkorea
40%
3,14 Mil. Südafrika
31%
2,28 Mil. Kolumbien
28%
4,30 Mil. Vietnam
17%
2,22 Mil. Philippinen
12%
Keine übereinstimmenden Quizze gefunden
Verteilung der Resultate
Anzahl Personen mit jedem Resultat
Perzentil nach korrekt beantworteten Fragen
Ihre Resultats-Entwicklung
Sie haben dieses Quiz noch nicht gespielt